| 000 | 01097nam a22003497a 4500 | ||
|---|---|---|---|
| 001 | BR0202493 | ||
| 003 | BR-BrBNA | ||
| 005 | 20230928101055.0 | ||
| 007 | ta | ||
| 008 | 230509b bl.||||| |||| 00| 0 por d | ||
| 040 |
_aBR-BrBNA _bpor _cBiblioteca Nacional de Agricultura |
||
| 041 | _a(Por) | ||
| 072 |
_aL50; L10 _b5212 _b8962 _b3580 _b8951 |
||
| 090 | _ 5212 BR0202493 | ||
| 100 | 1 | _aCoelho, E.G.A. | |
| 110 | 1 |
_aUniversidade Federal de Viçosa, Belo Horizonte (Brasil). Escola de Veterinária _0Tese (Mestre em Zootecnia) _911003 |
|
| 245 | 1 | _aAnálise quali-quantitativa de técnicas para extração de DNA de sangue sêmen e pêlos | |
| 260 | 3 |
_aBelo Horizonte, MG (Brasil): _c2001. |
|
| 300 | _a37 p. | ||
| 500 | _aSummaries (Eng, Por); Bibliography p. 31-33; 5 tables; 18 illus. | ||
| 650 | _aBOVINO | ||
| 650 | _aSANGUE | ||
| 650 | _aSÊMEN | ||
| 650 | _aPÊLO | ||
| 650 | _aBIOQUÍMICA ANIMAL | ||
| 650 | _aDNA | ||
| 650 | _aANÁLISE QUALITATIVA | ||
| 650 | _aANÁLISE QUANTITATIVA | ||
| 650 | _aEXTRAÇÃO | ||
| 909 |
_a202309 _bLucia _c55 _dLucia Elande |
||
| 942 | _cBK | ||
| 999 |
_c64134 _d64134 |
||